The typology of organizational effectiveness in australian higher education (Record no. 78447)

MARC details
000 -CABECERA
campo de control de longitud fija 00666nam a2200229 a 4500
005 - FECHA Y HORA DE LA ÚLTIMA TRANSACCIÓN
campo de control 20210219153509.0
008 - ELEMENTOS DE LONGITUD FIJA--INFORMACIÓN GENERAL
campo de control de longitud fija 991125n 000 0 eng u
035 ## - NÚMERO DE CONTROL DEL SISTEMA
Número de control de sistema UPN01000102959
100 ## - ASIENTO PRINCIPAL--NOMBRE PERSONAL
Nombre de persona Lysons, Art
222 ## - TÍTULO CLAVE
Título clave RESEARCH IN HIGHER EDUCATION
245 ## - MENCIÓN DE TÍTULO
Título The typology of organizational effectiveness in australian higher education
300 ## - DESCRIPCIÓN FÍSICA
Extensión 465-488
362 ## - FECHAS DE PUBLICACIÓN Y/O DESIGNACIÓN SECUENCIAL
Fecha de publicación y/o designación secuencial 1993 34, no. 4
653 0# - TERMINO DE INDIZACION - NO CONTROLADO
Término no controlado CARACTERISTICAS INSTITUCIONALES
653 0# - TERMINO DE INDIZACION - NO CONTROLADO
Término no controlado CLASIFICACION
653 0# - TERMINO DE INDIZACION - NO CONTROLADO
Término no controlado EDUCACION SUPERIOR
653 0# - TERMINO DE INDIZACION - NO CONTROLADO
Término no controlado EFECTIVIDAD ESCOLAR
653 0# - TERMINO DE INDIZACION - NO CONTROLADO
Término no controlado EFECTIVIDAD ORGANIZACIONAL
653 0# - TERMINO DE INDIZACION - NO CONTROLADO
Término no controlado ROL DE LA ESCUELA
904 ## - ELEMENTOS DE DATOS D LOCAL, LDD (RLIN)
a AC
b 040770
905 ## - TIPO DE MATERIAL
Tipo de material Articulo

No items available.